00474nam a2200193Ia 4500008004100000020001800041050001400059100001600073245002100089245003400110245004300144260001500187260001600202260000900218300001500227300002000242300001000262500000800272170918s9999 xx 000 0 und d a9780545398381 bW657 2011 aWight, Eric aFrankie pickle : band the mathematical manace / cwritten and illustrated by Eric Wight. aNew York : bScholastic, c2011 a85 pages : billustrations ; c19cm. a600